000 01782nam a2200421 c 4500
003 PE-LiUPU
005 20250731183446.0
008 210608s2020 sp a | |||| 000 0 spa
020 _a9788417905552
_qEdiciones Asimétricas papel
040 _aSpMaBN
_bspa
_cPE-LiUPU
_erda
_dPE-LiUPU
041 1 _aspa
_heng
080 _a72.051
080 _a72.032(38)
082 _223
_a720.9
_bM378i
100 1 _aMartienssen, Rex Distin
_eautor
_4aut
245 1 3 _aLa idea de espacio en la arquitectura griega /
_cRex Distin Martienssen ; edición a cargo de Roger Miralles ; traducción a cargo de Roger Miralles y Lluis Delclós.
264 1 _a[Madrid]
_bEdiciones Asimétricas
_bIniciativa Digital Politécnica,
_c[2020]
264 4 _c©2021
300 _a227 páginas :
_bilustraciones (blanco y negro), planos (blanco y negro) ;
_c21 centímetros.
336 _aTexto
_aImagen fija
_2rdacontent
337 _asin mediación
_2rdamedia
338 _avolumen
_2rdacarrier
490 0 _a(Poliédrica
_v#4)
504 _aBibliografía: páginas 219-225
505 _aLa esencia de la arquitectura -- El alcance de la arquitectura griega. La estructura de la ciudad -- La casa griega -- El templo dórico -- Templo y témenos -- El logro griego.
526 _aP158
526 _aP146
526 _aP17
526 _aP12
526 _aP06
650 1 7 _aEspacio (Arquitectura)
_2embne
650 2 7 _aArquitectura griega
_2embne
700 1 _aMiralles, Roger
_eeditor literario
_etraductor
_4edt
_4trl
700 1 _aDelclós, Lluis
_etraductor
_4trl
942 _2ddc
_cBK
999 _c62086
_d62085
980 _81
_gALBERTO SANCHEZ Responsable de Automatización